Statistiques concernant Les dix pays les mieux classés de la FIFA par année

Cliquez ici pour prendre le quiz!

Statistiques générales

  • Ce quiz a été pris 688 fois
  • Le résultat moyen est 16 sur 19

Statistiques - réponses

# anséquipe% Correct
8France
100%
9Argentine
99%
10Brésil
98%
10Espagne
98%
6Allemagne
97%
4Italie
96%
10Portugal
95%
6Angleterre
94%
9Belgique
94%
4Pays-Bas
87%
2Croatie
84%
3Suisse
79%
6Uruguay
79%
2Mexique
72%
1Pologne
70%
5Colombie
68%
2Danemark
65%
3Chili
64%
1Autriche
46%

Distribution des résultats

Percentile par nombre de réponses

% des personnes avec chaque résultat

Votre développement - résultats

Vous n’avez pas pris ce quiz